Nombre des départements français - Statistics

General Stats
  • This quiz has been taken 647 times
  • The average score is 13 of 96
Answer Stats
Hint Answer % Correct
69 Rhône
63%
44 Loire-Atlantique
59%
04 Alpes-de-Haute-Provence
55%
75 Paris
54%
2A Corse-du-Sud
49%
38 Isère
41%
14 Calvados
40%
03 Allier
37%
80 Somme
33%
49 Maine-et-Loire
32%
85 Vendée
32%
78 Yvelines
32%
15 Cantal
31%
22 Côtes-d'Armor
31%
53 Mayenne
30%
77 Seine-et-Marne
30%
58 Nièvre
29%
63 Puy-de-Dôme
29%
95 Val-d'Oise
28%
56 Morbihan
27%
08 Ardennes
26%
32 Gers
26%
71 Saône-et-Loire
26%
67 Bas-Rhin
25%
25 Doubs
24%
47 Lot-et-Garonne
24%
54 Meurthe-et-Moselle
23%
31 Haute-Garonne
21%
41 Loir-et-Cher
20%
90 Territoire de Belfort
17%
87 Haute-Vienne
14%
35 Ille-et-Vilaine
14%
66 Pyrénées-Orientales
14%
89 Yonne
14%
18 Cher
13%
23 Creuse
13%
57 Moselle
13%
17 Charente-Maritime
12%
68 Haut-Rhin
12%
01 Ain
11%
19 Corrèze
11%
05 Hautes-Alpes
11%
72 Sarthe
11%
2B Haute-Corse
9%
36 Indre
9%
40 Landes
9%
02 Aisne
8%
84 Vaucluse
8%
37 Indre-et-Loire
7%
55 Meuse
7%
64 Pyrénées-Atlantiques
7%
76 Seine-Maritime
7%
51 Marne
6%
88 Vosges
6%
12 Aveyron
5%
70 Haute-Saône
5%
10 Aube
4%
13 Bouches-du-Rhône
4%
42 Loire
4%
06 Alpes-Maritimes
3%
07 Ardèche
3%
27 Eure
3%
65 Hautes-Pyrénées
3%
92 Hauts-de-Seine
3%
34 Hérault
3%
60 Oise
3%
94 Val-de-Marne
3%
09 Ariège
2%
16 Charente
2%
26 Drôme
2%
91 Essonne
2%
28 Eure-et-Loir
2%
33 Gironde
2%
52 Haute-Marne
2%
74 Haute-Savoie
2%
50 Manche
2%
61 Orne
2%
73 Savoie
2%
93 Seine-Saint-Denis
2%
11 Aude
1%
21 Côte-d'Or
1%
79 Deux-Sèvres
1%
24 Dordogne
1%
29 Finistère
1%
30 Gard
1%
43 Haute-Loire
1%
39 Jura
1%
45 Loiret
1%
59 Nord
1%
62 Pas-de-Calais
1%
81 Tarn
1%
82 Tarn-et-Garonne
1%
83 Var
1%
86 Vienne
1%
46 Lot
0%
48 Lozère
0%
No matching quizzes found
Score Distribution
Percent of People with Each Score
Percentile by Number Answered
Your Score History
You have not taken this quiz